Leçons élémentaires de physique expérimentale selon les théories modernes / (Record no. 135089)

MARC details
000 -LEADER
campo de control de longitud fija 00546nam a2200181 i 4500
001 - NÚMERO DE CONTROL
campo de control 135089
003 - IDENTIFICADOR DE NÚMERO DE CONTROL
campo de control ES-MaACL
005 - FECHA Y HORA DE LA ÚLTIMA TRANSACCIÓN
campo de control 20230906194813.0
007 - CAMPO FIJO DE DESCRIPCIÓN FÍSICA--INFORMACIÓN GENERAL
campo de control de longitud fija t|
008 - DATOS DE LONGITUD FIJA--INFORMACIÓN GENERAL
campo de control de longitud fija 070709s1919 fr ||||1| fre d
080 ## - NÚMERO DE LA CLASIFICACIÓN DECIMAL UNIVERSAL
Número de la Clasificación Decimal Universal 53.03
100 1# - ENTRADA PRINCIPAL--NOMBRE DE PERSONA
Nombre de persona Tillieux, J.
9 (RLIN) 110269
245 10 - MENCIÓN DEL TÍTULO
Título Leçons élémentaires de physique expérimentale selon les théories modernes /
Mención de responsabilidad, etc. J. Tillieux.
260 ## - PUBLICACIÓN, DISTRIBUCIÓN, ETC.
Lugar de publicación, distribución, etc. Louvain :
Nombre del editor, distribuidor, etc. Imprimerie François Ceuterick,
Fecha de publicación, distribución, etc. 1919.
300 ## - DESCRIPCIÓN FÍSICA
Extensión 390 p. ;
Dimensiones 24 cm.
650 14 - PUNTO DE ACCESO ADICIONAL DE MATERIA--TÉRMINO DE MATERIA
Término de materia o nombre geográfico como elemento de entrada Física-
Subdivisión general Experimentos.
9 (RLIN) 12880
852 ## - LOCALIZACIÓN
Ubicación ES-MaACL
Número de control de estantería F-310
Holdings
Estatus retirado Estado de pérdida Estado de daño No para préstamo Biblioteca de origen Biblioteca actual Ubicación en estantería Fecha de adquisición Fuente de adquisición Total de préstamos Signatura topográfica completa Código de barras Visto por última vez Precio de reemplazo Tipo de ítem Koha
        Biblioteca del Ateneo de Madrid Biblioteca del Ateneo de Madrid Depósito 2 17/01/2008     F-310 1140607 23/02/2023 23/02/2023 Libro impreso